| 000 | 00789cam a22002055a 4500 | ||
|---|---|---|---|
| 001 | L155965 | ||
| 008 | 120423s1869 xxk f 000 0 eng d | ||
| 035 | _a(Sirsi) u155965 | ||
| 041 | 0 | _aeng | |
| 100 | 1 |
_aCastle, Henry James _d1809-1891 |
|
| 245 | 0 | 0 |
_aPractical remarks on the principles of rating _bas applied to the proper and uniform assessment of railways, gasworks, waterworks, mines, cemeteries, etc _cBy Henry James Castle, assisted by Edward James Castle |
| 250 | _a2nd ed. | ||
| 260 |
_aLondon _bW. Maxwell & son [etc.] _c1869 |
||
| 300 |
_axvii, 163 (i.e. 162), [4] p. _c23 cm. |
||
| 583 |
_aCondition reviewed _c20120620 _lcondition level 1 |
||
| 651 | 4 |
_aGreat Britain _y1707- |
|
| 690 | _aFinance and taxation | ||
| 700 | 1 |
_aCastle, Edward James _d1842-1912 |
|
| 942 | _n0 | ||
| 999 |
_c113949 _d113949 |
||